000 00975nam0a22002651 4500
001 rc\3933080
005 20260406111716.0
021 _aRU
_b[55-18384]
035 _a(NLR Aleph) 008033834
090 _a8838073
_c8838073
100 _a20130415d1955 |||y0rusy50 ca
101 0 _arus
102 _aRU
105 _aa z |||||
200 1 _aКраткие сведения по титану и способы его обработки
_e[Обзор по материалам иностр. печати]
_fИн-т науч. информации АН СССР
210 _aМосква
_cБ. и.
_d1955
215 _a20 с.
_cчерт.
_d21
320 _aБиблиогр. в конце книги (31 назв.)
606 _aТитан
_2psbo
712 0 2 _aИнститут научной информации
_cМосква
_3RU\NLR\AUTH\887312
_9286700
801 0 _aRU
_bNLR
_gpsbo
801 1 _aRU
_bELAR
_2rusmarc
852 _aNLR
_jТ30 Г-4/716
942 _cBOOK
980 _aNB